| 000 | 00538nam a2200181Ia 4500 | ||
|---|---|---|---|
| 008 | 090123s9999 xx 000 0 und d | ||
| 082 |
_b535 _a891.463/खांडेक |
||
| 100 | _aखांडेकर वि.स. | ||
| 245 | _aदोन ध्रुव | ||
| 250 | _a5 | ||
| 260 | _bदेशमुख रा.ज. | ||
| 300 | _a292 | ||
| 600 | _aखांडेकर वि.स. | ||
| 630 | _aदोन ध्रुव | ||
| 700 | _aखांडेकर वि.स. | ||
| 730 | _aदोन ध्रुव | ||
| 942 | _cBOOK | ||
| 999 |
_c38622 _d38622 |
||